| 000 | 00799nam a2200229 a 4500 | ||
|---|---|---|---|
| 005 | 20210219160019.0 | ||
| 008 | 080610s1985 mx r 000 0 spa d | ||
| 020 | _a9806048075 | ||
| 035 | _aUPN01000156765 | ||
| 049 | _aUNE | ||
| 080 | _a378 (729.87) =20 WIL. | ||
| 100 | 1 | _aWilliams, Gwendoline | |
| 245 | 1 | 0 |
_aHigher education in Trinidad and Tobabo : _ba focus on organizational developmentand change / _cby Gwendoline Williams, Claudia Harvey. |
| 260 |
_aCaracas : _bCRESALC ; _aParís, _bUNESCO, _c1985. |
||
| 300 |
_a145 p. : _bfots. |
||
| 440 | 0 | _aMonografía | |
| 690 | _aEnseñanza superior | ||
| 690 | _aTrinidad y Tobajo | ||
| 700 | 1 |
_aHarvey, Claudia, _ecoaut. |
|
| 710 | 2 |
_aCRESALC. _bCentro Regional para la Educación Superior en América Latina y el Caribe |
|
| 905 | _aUNESCO | ||
| 999 |
_c128879 _d128879 |
||